Espèces de fauves - Statistiques

Statistiques générales
  • Ce quiz a été pris 154 fois
  • Le résultat moyen est 9 sur 16
Statistiques - réponses
Par images Réponse % Correct
Tigre
100%
Lion
98%
Panthère
95%
Guépard
88%
Puma
84%
Lynx
72%
Ocelot
66%
Panthère des neiges
63%
Serval
63%
Caracal
57%
Panthère nébuleuse
30%
Chat des sables
24%
Chat pecheur
24%
Jaguarondi
24%
Manul
21%
Chat doré
10%
Aucun quiz correspondant
Distribution des résultats
% des personnes avec chaque résultat
Percentile par nombre de réponses
Votre historique - résultats
Vous n’avez pas pris ce quiz